Les confidences d'Arsène lupin

Gorde:
Xehetasun bibliografikoak
Egile nagusia: Leblanc, Maurice (Egilea)
Formatua: Liburua
Hizkuntza:gaztelania
Argitaratua: París Libraire Générale Francaise et Claude Leblanc 1965
Saila:<Le >livre de Poche, 1400
Gaiak:
Etiketak: Etiketa erantsi
Etiketarik gabe, Izan zaitez lehena erregistro honi etiketa jartzen!

MARC

LEADER 00000nam a2200000 a 4500
001 UCZ9458
003 CL-VaPUC
008 960308e19650000FR |||||||||||||||||spa|d
082 0 4 |a 843  |b LEB  |2 21 
100 |a Leblanc, Maurice  |e author  |9 541697 
245 1 4 |a Les confidences d'Arsène lupin 
300 |a 255 p 
942 |c BK 
945 |d 19960308 00:00:00  |a mcarcey 
260 |a París  |b Libraire Générale Francaise et Claude Leblanc  |c 1965 
650 0 |a Novela francesa  |9 264985 
583 |a last modification  |c 19960308 00:00:00  |k Rodrigo Vera 
490 0 |a <Le >livre de Poche, 1400 
999 |c 244765  |d 244763 
952 |0 0  |1 0  |4 0  |6 843_000000000000000_LEB_1965  |7 0  |8 A  |9 258949  |a BIBEDU  |b BIBEDU  |d 2019-11-19  |i 3174514  |l 2  |o 843 LEB 1965  |p 3174514  |r 2024-03-26  |s 2024-03-19  |w 2019-11-19  |y BK  |k LIT